Helldivers 2 all terminid names - Statistics

General Stats
  • This quiz has been taken 342 times
    324 since last reset
  • The average score is 8 of 14
Answer Stats
Picture Answer % Correct
Bile Titan
95%
Charger
94%
Stalker
88%
Hunter
77%
Bile Spewer
74%
Warrior
64%
Shrieker
60%
Brood Commander
59%
Hive Guard
54%
Scavenger
46%
Nursing Spewer
42%
Charger Behemoth
37%
Bile Spitter
32%
Pouncer
25%
No matching quizzes found
Score Distribution
Percent of People with Each Score
Percentile by Number Answered
Your Score History
You have not taken this quiz since the last reset